000
00286nam a2200121Ia 4500
008
190216s9999||||xx |||||||||||||| ||und||
100
_a
Lawrence D H
245
0
_a
Lady Chatterlrys Lover
260
_b
Surjeet Pubs.Delhi
_c
1992
300
_a
283
650
_a
English Novel
942
_c
BK
999
_c
14134
_d
14134